000 00604nam a2200205 4500
001 147948
003 ES-MaACL
005 20230906202341.0
007 t|
008 070214s1978 sp r ||||1| spa d
100 1 _aStevenson, Leslie.
_9108168
245 1 0 _aSiete teorías de la naturaleza humana /
_cLeslie Stevenson ; traducción de Elena Ibáñez.
260 _aMadrid :
_bCátedra,
_c[1978] (
_fVelograf)
300 _a173 p. ;
_c18 cm.
490 1 _aTeorema
700 0 _aIbáñez, Elena.
_964903
830 0 _aTeorema
_9181356
852 _aES-MaACL
_jA-8567
_bR.97489
999 _c147948
_d147948